From slavery to freedom : (Record no. 13810)
[ view plain ]
| 000 -CABECERA | |
|---|---|
| campo de control de longitud fija | 00833cam a2200241 a 4500 |
| 001 - NÚMERO DE CONTROL | |
| campo de control | 000014210 |
| 005 - FECHA Y HORA DE LA ÚLTIMA TRANSACCIÓN | |
| campo de control | 20200929163525.0 |
| 008 - DATOS DE LONGITUD FIJA--INFORMACIÓN GENERAL | |
| campo de control de longitud fija | 740520s1969 nyua b 000 0 engd |
| 040 ## - FUENTE DE LA CATALOGACIÓN | |
| Centro catalogador/agencia de origen | DO-SdBNP |
| Lengua de catalogación | eng |
| Centro/agencia transcriptor | LC |
| Centro/agencia modificador | BNPHU |
| 050 00 - SIGNATURA TOPOGRÁFICA DE LA BIBLIOTECA DEL CONGRESO | |
| Número de clasificación | E185 |
| Número de documento/Ítem | .F825 1967 |
| 082 ## - NÚMERO DE LA CLASIFICACIÓN DECIMAL DEWEY | |
| Número de clasificación | 325.2/6/097 |
| Número de documento/Ítem | F831f |
| 049 ## - FONDOS LOCALES (OCLC) | |
| Fondos de biblioteca | BNGR |
| 100 1# - ENTRADA PRINCIPAL--NOMBRE DE PERSONA | |
| Nombre de persona | Franklin, John Hope, |
| Fechas asociadas al nombre | 1915-2009. |
| 9 (RLIN) | 32103 |
| 245 10 - MENCIÓN DE TÍTULO | |
| Título | From slavery to freedom : |
| Resto del título | a history of negro americans / |
| Mención de responsabilidad, etc. | John Hope Franklin. |
| 260 ## - PUBLICACIÓN, DISTRIBUCIÓN, ETC. | |
| Lugar de publicación, distribución, etc. | New York : |
| Nombre del editor, distribuidor, etc. | Vintage Books, |
| Fecha de publicación, distribución, etc. | 1969. |
| 300 ## - DESCRIPCIÓN FÍSICA | |
| Extensión | xxii, 686, xliii p. : |
| Otras características físicas | il. ; |
| Dimensiones | 25 cm. |
| 490 1# - MENCIÓN DE SERIE | |
| Mención de serie | A Vintage Giant, |
| Designación de volumen o secuencia | v. 498 |
| 504 ## - NOTA DE BIBLIOGRAFÍA, ETC. | |
| Nota de bibliografía, etc. | "Notas bibliográficas": p. [653]-686. |
| 650 #0 - PUNTO DE ACCESO ADICIONAL DE MATERIA--TÉRMINO DE MATERIA | |
| Término de materia o nombre geográfico como elemento de entrada | African americans |
| Subdivisión general | History. |
| 9 (RLIN) | 32104 |
| 650 #0 - PUNTO DE ACCESO ADICIONAL DE MATERIA--TÉRMINO DE MATERIA | |
| Término de materia o nombre geográfico como elemento de entrada | Slavery |
| Subdivisión geográfica | United States |
| Subdivisión general | History. |
| 9 (RLIN) | 32105 |
| 830 #2 - PUNTO DE ACCESO ADICIONAL DE SERIE-TÍTULO UNIFORME | |
| Título uniforme | A Vintage Giant, |
| Designación de volumen o secuencia | v. 498 |
| 9 (RLIN) | 32106 |
| 910 ## - DATOS DE OPCIÓN DEL USUARIO (OCLC) | |
| Datos de opción del usuario | Catalogación derivada |
| Estado de retiro | Estado de pérdida | Restricciones de uso | No para préstamo | Código de colección | Localización permanente | Ubicación/localización actual | Ubicación en estantería | Fecha de adquisición | Número de inventario | Total de préstamos | Signatura topográfica completa | Código de barras | Fecha visto por última vez | Precio válido a partir de | Tipo de ítem Koha | Número de copia |
|---|---|---|---|---|---|---|---|---|---|---|---|---|---|---|---|---|
| Préstamo interno | Monografías: Libros y Folletos | General | General | En catalogación | 07.12.2009 | LF1 | 325.2/6/097 F831f | 14210-10 | 25.06.2020 | 25.06.2020 | Préstamo interno | |||||
| Préstamo restringido | Préstamo restrigido | Monografías: Libros y Folletos | General | General | En catalogación | 07.12.2009 | LF1 | 325.2/6/097 F831f | 14210-20 | 25.06.2020 | 25.06.2020 | Préstamo interno | e.2 |
